El café: (Registro nro. 12656)

Detalles MARC
000 -LEADER
fixed length control field 01914nam a2200241Ia 4500
003 - CONTROL NUMBER IDENTIFIER
control field OSt
005 - DATE AND TIME OF LATEST TRANSACTION
control field 20211007121037.0
008 - FIXED-LENGTH DATA ELEMENTS--GENERAL INFORMATION
fixed length control field 210310s1977 ck abd gr 000 0 spa d
040 ## - CATALOGING SOURCE
Original cataloging agency CO-JMCR
Transcribing agency CO-JMCR
041 0# - LANGUAGE CODE
Language code of text/sound track or separate title spa
082 04 - DEWEY DECIMAL CLASSIFICATION NUMBER
Classification number 338.17373 /
Item number M149c
Edition number 23
100 1# - MAIN ENTRY--PERSONAL NAME
Personal name Machado C, Absalón,
Relator term autor
9 (RLIN) 4238
245 10 - TITLE STATEMENT
Title El café:
Remainder of title de la aparcería al capitalismo /
Statement of responsibility, etc. Absalón Machado C.
260 ## - PUBLICATION, DISTRIBUTION, ETC.
Place of publication, distribution, etc. Bogotá :
Name of publisher, distributor, etc. Punta de lanza,
Date of publication, distribution, etc. 1977.
300 ## - PHYSICAL DESCRIPTION
Extent 361 páginas :
Other physical details ilustraciones, gráficas y mapas en blanco y negro ;
Dimensions 19 cm.
504 ## - BIBLIOGRAPHY, ETC. NOTE
Bibliography, etc. note Bibliografía : páginas 353-361.
505 0# - FORMATTED CONTENTS NOTE
Formatted contents note El modelo de crecimiento basado en la expansión de las exportaciones. -- El desarrollo de la economía cafetera hasta los años veinte. -- Estructura de la propiedad y la producción cafetera 1920-1940. -- Relaciones sociales de producción en la economía cafetera hacia 1930. -- Conflictos agrarios en las zonas cafeteras. -- Cambio en las relaciones sociales de producción de 1920a 1950.
520 0# - SUMMARY, ETC.
Summary, etc. No es cierto que la economía cafetera haya sido fundamento de la democracia colombiana por haber fomentado la pequeña y mediana explotación, Machado demuestra que, al contrario, en este sector ha habido considerable concentración de la propiedad y abusiva explotación en aparcerías y fo mas precapitalistas de producción, lo cual explica la gran rebeldía campesina de los años veintes y treintas. Describe de manera clara, interesante y documentada cómo aquellas formas se fueron convirtiendo en relaciones capitalistas, gracias a coyunturas nacionales e internacionales. Por todo esto, constituye lectura obligatoria para aquellos que quieran entender a fondo el origen y las formas reales del conflicto agrario nacional.
650 14 - SUBJECT ADDED ENTRY--TOPICAL TERM
Topical term or geographic name entry element Café
General subdivision Ley y legislación
9 (RLIN) 41008
650 24 - SUBJECT ADDED ENTRY--TOPICAL TERM
Topical term or geographic name entry element Industria cafetalera
9 (RLIN) 41009
650 24 - SUBJECT ADDED ENTRY--TOPICAL TERM
Topical term or geographic name entry element Trabajadores de plantaciones de café.
9 (RLIN) 41010
942 ## - ADDED ENTRY ELEMENTS (KOHA)
Source of classification or shelving scheme Dewey Decimal Classification
Koha item type Books
Existencias
Withdrawn status Lost status Source of classification or shelving scheme Damaged status Not for loan Home library Current library Shelving location Date acquired Source of acquisition Full call number Barcode Date last seen Copy number Price effective from Koha item type
    Dewey Decimal Classification     Biblioteca Pública José María del Castillo y Rada Biblioteca Pública José María del Castillo y Rada General Stacks 04/15/2018 Donación 338.17373 / M149c 430013270 05/16/2024 Ej.1 03/10/2021 Books